| 000 | 00655nam a2200181 a 4500 | ||
|---|---|---|---|
| 001 | 4068 | ||
| 005 | 20140414131939.0 | ||
| 008 | 081222s19uu xx 00 eng d | ||
| 020 | _a0-439-62576-9 | ||
| 050 |
_aTR 372.4 _bP13 2005 |
||
| 100 | _aPadak, Nancy | ||
| 245 |
_aFast start for early readers : _ba research-based, send home literacy program with 60 reproducible poems and activities that ensures reading success for every child. Grade K-2 / _cby Nancy Padak, Ed.D. & Timothy Rasinski, Ph. D. |
||
| 260 |
_aNew York : _bScholastic, _cc2005. |
||
| 300 | _a144 p. : ill. ; cm. | ||
| 700 | _aRasinski, Timothy | ||
| 999 |
_c112534 _d112534 |
||